El régimen económico de la Constitución Nacionala la luz de la experiencia histórica (Registro nro. 29048)

Detalles MARC
000 -LEADER
fixed length control field 00408 a2200109 4500
001 - CONTROL NUMBER
control field ART_49740
005 - DATE AND TIME OF LATEST TRANSACTION
control field 20260410161936.0
008 - FIXED-LENGTH DATA ELEMENTS--GENERAL INFORMATION
fixed length control field 260409a
100 1# - MAIN ENTRY--PERSONAL NAME
Personal name Tagle, Manuel
245 10 - TITLE STATEMENT
Title El régimen económico de la Constitución Nacionala la luz de la experiencia histórica
773 0# - HOST ITEM ENTRY
Title Anales de la Academia Nacional de Ciencias Económicas
Related parts - Vol. XXXV, (1990) (ene. 1992)
Record control number REV25596

No hay ítems disponibles.